Giáo trình nguyên lý kế toán /

Zapisane w:
Opis bibliograficzny
1. autor: Bùi Nữ Thanh H
Format: Książka
Język:Vietnamese
Wydane: ĐNA 2005
Etykiety: Dodaj etykietę
Nie ma etykietki, Dołącz pierwszą etykiete!
Thư viện lưu trữ: Mạng thư viện Đại học Đà Nẵng
LEADER 00620nam a2200265 4500
001 000027088
003 BU-HI
005 20150403120000.0
008 150403s vm 000 vie
020 |c 0,0000 
040 |a notts 
100 |a Bùi Nữ Thanh Hà 
245 |a Giáo trình nguyên lý kế toán /  |c Bùi Nữ ThanhHà. 
260 |b ĐNA  |c 2005 
OWN |a LTT 
999 |a From the UDN01 
TYP |a Monograph 
TYP |a Printed language 
980 |a Mạng thư viện Đại học Đà Nẵng